| Tag |
First Indicator |
Second Indicator |
Subfields |
| LEADER |
00000cam a2200000 i 4500 |
| 001 |
in00004036282 |
| 005 |
20180614142949.0 |
| 008 |
170331s2017 nyu c 000 1 eng |
| 010 |
|
|
|a 2016051845
|
| 035 |
|
|
|a (OCoLC)ocn968317338
|
| 040 |
|
|
|a DLC
|b eng
|e rda
|c DLC
|d YDX
|d BTCTA
|d BDX
|d FMG
|d UAP
|d CHILD
|d NYP
|d KVIJL
|d EHH
|d OCLCF
|d IGA
|d VP@
|d IO#
|d OCLCO
|d OCLCQ
|d OCLCO
|d QS5
|d OCLCA
|
| 019 |
|
|
|a 1003192738
|
| 020 |
|
|
|a 9780316236676
|q (hardcover)
|
| 020 |
|
|
|a 0316236675
|q (hardcover)
|
| 020 |
|
|
|z 9780316236652
|q (ebook)
|
| 020 |
|
|
|z 9780316236720
|q (library edition ebook)
|
| 024 |
8 |
|
|a 40028212863
|
| 035 |
|
|
|a (OCoLC)968317338
|
| 042 |
|
|
|a lcac
|a pcc
|
| 050 |
0 |
0 |
|a PZ7.Y3658
|b Way 2017
|
| 082 |
0 |
0 |
|a [Fic]
|2 23
|
| 084 |
|
|
|a JUV039140
|a JUV039060
|a JUV039050
|a JUV039150
|a JUV013060
|a JUV035000
|a JUV039020
|a JUV014000
|2 bisacsh
|
| 049 |
|
|
|a TXAM
|
| 100 |
1 |
|
|a Yeh, Kat,
|e author.
|
| 245 |
1 |
4 |
|a The way to Bea /
|c Kat Yeh.
|
| 250 |
|
|
|a First edition.
|
| 264 |
|
1 |
|a New York :
|b Little, Brown and Company,
|c 2017.
|
| 300 |
|
|
|a 346 pages ;
|c 20 cm
|
| 336 |
|
|
|a text
|b txt
|2 rdacontent
|
| 337 |
|
|
|a unmediated
|b n
|2 rdamedia
|
| 338 |
|
|
|a volume
|b nc
|2 rdacarrier
|
| 520 |
|
|
|a Recently estranged from her best friend and weeks away from shifting from only child to big sister, seventh grader Beatrix Lee consoles herself by writing haiku in invisible ink and hiding the poems, but one day she finds a reply--is it the librarian with all the answers, the editor of the school paper who admits to admiring her poetry, an old friend feeling remorse, or the boy obsessed with visiting the local labyrinth?
|
| 650 |
|
0 |
|a Poetry
|v Juvenile fiction.
|
| 650 |
|
0 |
|a Authorship
|v Juvenile fiction.
|
| 650 |
|
0 |
|a Friendship
|v Juvenile fiction.
|
| 650 |
|
0 |
|a Families
|v Juvenile fiction.
|
| 650 |
|
0 |
|a Middle schools
|v Juvenile fiction.
|
| 650 |
|
0 |
|a Schools
|v Juvenile fiction.
|
| 650 |
|
0 |
|a Labyrinths
|v Juvenile fiction.
|
| 650 |
|
0 |
|a Taiwanese Americans
|v Juvenile fiction.
|
| 650 |
|
1 |
|a Poetry
|v Fiction.
|
| 650 |
|
1 |
|a Authorship
|v Fiction.
|
| 650 |
|
1 |
|a Newspapers
|v Fiction.
|
| 650 |
|
1 |
|a Labyrinths
|v Fiction.
|
| 650 |
|
1 |
|a Best friends
|v Fiction.
|
| 650 |
|
1 |
|a Friendship
|v Fiction.
|
| 650 |
|
1 |
|a Family life
|v Fiction.
|
| 650 |
|
1 |
|a Middle schools
|v Fiction.
|
| 650 |
|
1 |
|a Schools
|v Fiction.
|
| 650 |
|
1 |
|a Taiwanese Americans
|v Fiction.
|
| 650 |
|
7 |
|a JUVENILE FICTION
|x Family
|x Parents.
|2 bisacsh
|
| 650 |
|
7 |
|a JUVENILE FICTION
|x Girls & Women.
|2 bisacsh
|
| 650 |
|
7 |
|a JUVENILE FICTION
|x School & Education.
|2 bisacsh
|
| 650 |
|
7 |
|a JUVENILE FICTION
|x Social Themes
|x Adolescence.
|2 bisacsh
|
| 650 |
|
7 |
|a JUVENILE FICTION
|x Social Themes
|x Emotions & Feelings.
|2 bisacsh
|
| 650 |
|
7 |
|a JUVENILE FICTION
|x Social Themes
|x Friendship.
|2 bisacsh
|
| 650 |
|
7 |
|a JUVENILE FICTION
|x Social Themes
|x Self-Esteem & Self-Reliance.
|2 bisacsh
|
| 650 |
|
7 |
|a JUVENILE FICTION
|x Social Themes
|x Special Needs.
|2 bisacsh
|
| 650 |
|
7 |
|a Authorship.
|2 fast
|0 (OCoLC)fst00822442
|
| 650 |
|
7 |
|a Families.
|2 fast
|0 (OCoLC)fst01728849
|
| 650 |
|
7 |
|a Friendship.
|2 fast
|0 (OCoLC)fst00935174
|
| 650 |
|
7 |
|a Labyrinths.
|2 fast
|0 (OCoLC)fst00990468
|
| 650 |
|
7 |
|a Middle schools.
|2 fast
|0 (OCoLC)fst01020553
|
| 650 |
|
7 |
|a Poetry.
|2 fast
|0 (OCoLC)fst01067691
|
| 650 |
|
7 |
|a Schools.
|2 fast
|0 (OCoLC)fst01107958
|
| 650 |
|
7 |
|a Taiwanese Americans.
|2 fast
|0 (OCoLC)fst01142149
|
| 650 |
|
7 |
|a Authorship
|v Fiction.
|2 sears
|
| 650 |
|
7 |
|a Best friends
|v Fiction.
|2 sears
|
| 650 |
|
7 |
|a Family life
|v Fiction.
|2 sears
|
| 650 |
|
7 |
|a Friendship
|v Fiction.
|2 sears
|
| 650 |
|
7 |
|a Labyrinths
|v Fiction.
|2 sears
|
| 650 |
|
7 |
|a Middle schools
|v Fiction.
|2 sears
|
| 650 |
|
7 |
|a Newspapers
|v Fiction.
|2 sears
|
| 650 |
|
7 |
|a Poetry
|v Fiction.
|2 sears
|
| 650 |
|
7 |
|a Taiwanese Americans
|v Fiction.
|2 sears
|
| 650 |
|
4 |
|a Newspapers
|v Fiction.
|
| 650 |
|
4 |
|a Poetry
|v Fiction.
|
| 650 |
|
4 |
|a Authorship
|v Fiction.
|
| 650 |
|
4 |
|a Labyrinths
|v Fiction.
|
| 650 |
|
4 |
|a Friendship in children
|v Fiction.
|
| 650 |
|
4 |
|a Families
|v Fiction.
|
| 650 |
|
4 |
|a Middle schools
|v Fiction.
|
| 650 |
|
4 |
|a Taiwanese Americans
|v Fiction.
|
| 655 |
|
7 |
|a Fiction.
|2 fast
|0 (OCoLC)fst01423787
|
| 655 |
|
7 |
|a Juvenile works.
|2 fast
|0 (OCoLC)fst01411637
|
| 655 |
|
7 |
|a Fiction.
|2 lcgft
|
| 945 |
|
|
|b 601851
|
| 947 |
|
|
|a A14850487480
|
| 994 |
|
|
|a 92
|b TXA
|
| 948 |
|
|
|a Cataloged
|b h
|c 2018/06/14
|d c
|e ARRule
|f 02:29:44 PM
|
| 999 |
f |
f |
|s 38acc8af-bbf1-3c3f-a724-8f130eca0e91
|i 20d56c2d-656b-31e7-bcf2-ae55ffc52af3
|t 0
|
| 952 |
f |
f |
|p normal
|a Texas A&M University
|b College Station
|c Sterling C. Evans Library
|d Evans: Curriculum Collection (4th floor)
|t 0
|e PZ7.Y3658 Way 2017
|h Library of Congress classification
|i unmediated -- volume
|m A14850487480
|
| 998 |
f |
f |
|a PZ7.Y3658 Way 2017
|t 0
|l Evans: Curriculum Collection (4th floor)
|